000 00735nam a22001935i 4500
001 159924
003 ES-MaACL
005 20260304173616.0
008 040914q1890 fr |||| | fre d
080 _a771.3
245 0 0 _aTableaux sur verre pour l'enseignement par les projections :
_bvues de France, Italie, Suisse... : catalogue nº 57.
260 _aParis :
_bA. Molteni,
_c[ca. 1890] (
_eTroyes :
_fDufour-Bouquot)
300 _a23 p. ;
_c23 cm.
650 4 _aFotografía-
_xMaterial y equipo
_912958
650 4 _aFotografía-
_vCatálogos.
_9174743
700 1 _aMolteni, Alfred,
_d1837-1907
_9174737
852 4 _aES-MaACL
_jT-1103-F-9
_z- Enc. hol.
_z- Enc. en un vol. facticio
999 _c159924
_d159924